|
|
|
|
| LEADER |
00000cam a2200000 7i4500 |
| 001 |
0000003791 |
| 005 |
20110622.0 |
| 020 |
0 |
0 |
|a 967891378X
|
| 090 |
0 |
0 |
|a R 344.595046
|b ENV
|
| 245 |
0 |
0 |
|a Environmental Laws Of Malaysia :
|b with regulations and rules
|c compiled by Legal Research Board
|
| 260 |
0 |
0 |
|a Kuala Lumpur :
|b International Low Book Services ,
|c 2003
|
| 300 |
|
|
|a 5 v. ;
|c 25 cm.
|
| 650 |
0 |
0 |
|a Environmental law malaysia
|
| 650 |
0 |
0 |
|a Environmental policy malaysia
|
| 710 |
1 |
1 |
|a Legal Research Board
|
| 998 |
|
|
|a JPSM
|
| 999 |
|
|
|a 007634
|b Monograph
|c Reference
|e Default branch
|
| 999 |
|
|
|a 007635
|b Monograph
|c Reference
|e Default branch
|
| 999 |
|
|
|a 007636
|b Monograph
|c Reference
|e Default branch
|
| 999 |
|
|
|a 007637
|b Monograph
|c Reference
|e Default branch
|
| 999 |
|
|
|a 007638
|b Monograph
|c Reference
|e Default branch
|